Loading...

Prelude to modern prose /

Bibliografiske detaljer
Hovedforfatter: Pitt, Mw
Sprog:Undetermined
Udgivet: 1956.
Serier:Standard English classics
LEADER 00535nam a2200145Ia 4500
001 41632
008 170722s9999 xx 000 0 und d
100 |a Pitt, Mw 
245 |a Prelude to modern prose / 
260 |c 1956. 
490 |a Standard English classics 
942 |c GEN 
999 |c 85031  |d 85031 
952 |0 0  |1 0  |4 0  |6 O_6X_J61J611  |7 0  |9 119179  |a LIB  |b LIB  |d 2017-08-12  |o O-,6x J61-J61;1  |p 149362  |r 2017-08-12  |w 2017-08-12  |y GEN 
952 |0 0  |1 0  |4 0  |6 O_6X_J61J611  |7 0  |8 CR  |9 119180  |a LIB  |b LIB  |d 2017-08-12  |h CR  |o O-,6x J61-J61;1  |p 154632  |r 2017-08-12  |w 2017-08-12  |y GEN